000 00555nam a22001937a 4500
003 KOHA_MİRAKIL
005 20260330131819.0
008 260330b tu ||||| |||| 00| 0 tur d
020 _a9786054996520
040 _aTR-AnABB
_btur
_cTR-AnABB
041 _atur
082 _a811.42
_bAVC 2017
100 1 _aAvcı, Ramazan
245 1 0 _aŞu aranın yaşayan yüzü /
_cRamazan Avcı
260 _aKahramanmaraş :
_bmesa ofset yayıncılık,
_c2017
300 _a119 sayfa ;
_c20 cm
650 0 4 _aTürk edebiyatı, şiir
942 _2ddc
_cBK
999 _c10100
_d10100
900 _bCem ÖZOGLU